000 00298nam a2200133Ia 4500
100 _aTanenbaumm A.S.
942 _cBK
654 _acomputer
245 _aStructure computer organization
260 _bPrentice Hall of India
_aNew Delhi
_c1991
300 _a587
546 _aENGLISH
999 _c20721
_d20721